Pharmacology in 7 days for medical students / (Record no. 143427)

MARC details
000 -LEADER
fixed length control field 01098cam a2200301 a 4500
001 - CONTROL NUMBER
control field vtls003228084
003 - CONTROL NUMBER IDENTIFIER
control field MY-SjTCS
005 - DATE AND TIME OF LATEST TRANSACTION
control field 20200226115119.0
008 - FIXED-LENGTH DATA ELEMENTS--GENERAL INFORMATION
fixed length control field 111213s2010 enka 001 0 eng d
020 ## - INTERNATIONAL STANDARD BOOK NUMBER
International Standard Book Number 9781846194221 (pbk.)
020 ## - INTERNATIONAL STANDARD BOOK NUMBER
International Standard Book Number 1846194229 (pbk.)
039 #9 - LEVEL OF BIBLIOGRAPHIC CONTROL AND CODING DETAIL [OBSOLETE]
Level of rules in bibliographic description 201202171443
Level of effort used to assign nonsubject heading access points shuhada
Level of effort used to assign subject headings 201202171440
Level of effort used to assign classification shuhada
Level of effort used to assign subject headings 201202091552
Level of effort used to assign classification stazrina
-- 201112131624
-- malathy
082 04 - DEWEY DECIMAL CLASSIFICATION NUMBER
Classification number 615.1
Item number DAN 2010
100 1# - MAIN ENTRY--PERSONAL NAME
Personal name Danish, Fazal-I-Akbar.
9 (RLIN) 59338
245 10 - TITLE STATEMENT
Title Pharmacology in 7 days for medical students /
Statement of responsibility, etc. Fazal-I-Akbar Danish and Ahmed Ehsan Rabbani.
246 3# - VARYING FORM OF TITLE
Title proper/short title Pharmacology in seven days for medical students
260 ## - PUBLICATION, DISTRIBUTION, ETC.
Place of publication, distribution, etc. Oxon, UK :
Name of publisher, distributor, etc. Radcliffe Pub.,
Date of publication, distribution, etc. 2010.
300 ## - PHYSICAL DESCRIPTION
Extent vi, 160 p. :
Other physical details ill. ;
Dimensions 24 cm.
490 1# - SERIES STATEMENT
Series statement Master pass
504 ## - BIBLIOGRAPHY, ETC. NOTE
Bibliography, etc. note Includes index.
650 #0 - SUBJECT ADDED ENTRY--TOPICAL TERM
Topical term or geographic name entry element Pharmacology.
650 #0 - SUBJECT ADDED ENTRY--TOPICAL TERM
Topical term or geographic name entry element Pharmacology
General subdivision Examinations
Form subdivision Study guides.
650 #0 - SUBJECT ADDED ENTRY--TOPICAL TERM
Topical term or geographic name entry element Pharmacology
Form subdivision Examinations, questions, etc.
9 (RLIN) 21162
650 #0 - SUBJECT ADDED ENTRY--TOPICAL TERM
Topical term or geographic name entry element Drugs
General subdivision Prescribing
Form subdivision Handbooks, manuals, etc.
700 1# - ADDED ENTRY--PERSONAL NAME
Personal name Rabbani, Ahmed Ehsan.
9 (RLIN) 59526
830 #0 - SERIES ADDED ENTRY--UNIFORM TITLE
Uniform title Master pass.
9 (RLIN) 59527
920 ## - Programme
Programme PHA : 177935
Holdings
Withdrawn status Lost status Source of classification or shelving scheme Damaged status Not for loan Home library Current library Date acquired Total Checkouts Barcode Date last seen Date last checked out Copy number Koha item type Public note
  Missing Stock take Dewey Decimal Classification     Taylor's Library-TU Taylor's Library-TU 15/12/2011 1 5000127293 05/12/2019 01/03/2012 1 Main Collection SOPxx,31001,03,GR